| 000 | 01081cam a2200277Ii 4500 | ||
|---|---|---|---|
| 001 | 4676059 | ||
| 005 | 20090423080725.0 | ||
| 008 | 770906s1956 nyu 001 0 eng d | ||
| 010 | _a56010212 | ||
| 035 | _a(OCoLC)ocm03245043 | ||
| 035 | _a(NNC)4676059 | ||
| 040 |
_aOKO _cOKO _dOCL |
||
| 050 |
_aBV 660 _b.N48 1956 |
||
| 098 | _aWP1.9 | ||
| 100 | 1 |
_aNiebuhr, H. Richard _q(Helmut Richard), _d1894-1962, _eed. |
|
| 245 | 1 | 4 |
_aThe ministry in historical perspectives / _cedited by H. Richard Niebuhr and Daniel D. Williams. |
| 260 |
_aNew York : _bHarper & Brothers. _c[c1956] |
||
| 300 |
_axi, 331 p. ; _c21 cm. |
||
| 490 | 1 | _aPublication of the Survey of Theological Education in the United States and Canada | |
| 650 | 0 |
_aClergy _xHistory. |
|
| 700 | 1 |
_aWilliams, Daniel Day, _d1910-1973, _ejoint ed. |
|
| 830 | 0 | _aPublication of the Survey of Theological Education in the United States and Canada. | |
| 942 |
_2lcc _cBK |
||
| 999 |
_c26517 _d26517 |
||